ਜਦੋਂ ਖੰਭ ਲੱਗ ਜਾਣ / (Record no. 80900)
[ view plain ]
| 000 -LEADER | |
|---|---|
| fixed length control field | 00760nam a22002417a 4500 |
| 005 - DATE AND TIME OF LATEST TRANSACTION | |
| control field | 20131127171456.0 |
| 008 - FIXED-LENGTH DATA ELEMENTS--GENERAL INFORMATION | |
| fixed length control field | 131126b xxu||||| |||| 00| 0 eng d |
| 010 ## - LCCN (DPL NO) | |
| LC control number | PUN-7731 |
| 020 ## - INTERNATIONAL STANDARD BOOK NUMBER | |
| Terms of availability | 250.00 |
| International Standard Book Number | 9788182992726 |
| 035 ## - SYSTEM CONTROL NUMBER | |
| System control number | PN-6849 |
| 037 ## - SOURCE OF ACQUISITION | |
| Source of stock number/acquisition | DBAD / PUB |
| 037 ## - SOURCE OF ACQUISITION | |
| Source of stock number/acquisition | Arsee Publishers |
| 040 ## - CATALOGING SOURCE | |
| Original cataloging agency | dpl |
| Language of cataloging | pn |
| 082 ## - DEWEY DECIMAL CLASSIFICATION NUMBER | |
| Classification number | ਕ |
| 100 ## - MAIN ENTRY--PERSONAL NAME | |
| Personal name | ਰਾਜਿੰਦਰ ਕੋਰ |
| 245 ## - TITLE STATEMENT | |
| Title | ਜਦੋਂ ਖੰਭ ਲੱਗ ਜਾਣ / |
| Statement of responsibility, etc | ਰਾਜਿੰਦਰ ਕੋਰ |
| 246 ## - VARYING FORM OF TITLE | |
| Title proper/short title | Jado Khamb Lag Jaan |
| Remainder of title | by Rajinder Kaur |
| 260 ## - PUBLICATION, DISTRIBUTION, ETC. (IMPRINT) | |
| Place of publication, distribution, etc | Delhi |
| Name of publisher, distributor, etc | Arsee Publishers |
| Date of publication, distribution, etc | 2013 |
| 270 ## - ADDRESS | |
| City | Delhi |
| Address | Chandni Chowk |
| Telephone number | 011-65966481 |
| 300 4# - PHYSICAL DESCRIPTION | |
| Extent | 167p. |
| Dimensions | 22ਸੇਂਮੀ (ਸਜਿਲੱਦ) |
| 942 ## - ADDED ENTRY ELEMENTS (KOHA) | |
| Source of classification or shelving scheme | Dewey Decimal Classification |
| Item type | Punjabi Bks |
| Classification part | ਕ |
| Call number suffix | ਰਾਜਿੰਦ |
| Withdrawn status | Lost status | Source of classification or shelving scheme | Damaged status | Not for loan | Collection code | Home library | Current library | Date acquired | Source of acquisition | Cost, normal purchase price | Total Checkouts | Full call number | Barcode | Date last seen | Copy number | Cost, replacement price | Koha item type |
|---|---|---|---|---|---|---|---|---|---|---|---|---|---|---|---|---|---|
| Dewey Decimal Classification | Fiction | D.B.Act.Division | D.B.Act.Division | 27/11/2013 | DBAD | 250.00 | ਕ ਰਾਜਿੰਦ | PN-6849 | 27/11/2013 | 1 | 250.00 | Punjabi Bks |
